[Event "Primorsko Ropotamo"]
[Site "Primorsko"]
[Date "2022.06.05"]
[Round "7"]
[White "Kanov, Nikola"]
[Black "Marholev, Dimitar"]
[Result "1-0"]
[WhiteElo "2186"]
[BlackElo "2177"]
[PlyCount "87"]
[EventDate "2022.06.01"]
[EventType "tourn"]
[EventRounds "9"]
[EventCountry "BUL"]
[SourceTitle "EXT 2023"]
[Source "ChessBase"]
[SourceDate "2022.10.05"]
[SourceVersion "1"]
[SourceVersionDate "2022.10.05"]
[SourceQuality "1"]

1. e4 e5 2. Nf3 Nc6 3. Bb5 Nge7 4. c3 a6 5. Ba4 g6 6. d4 exd4 7. cxd4 b5 8. Bb3 Na5 9. Ne5 d5 10. Bg5 Nxb3 11. Qxb3 Be6 12. Nc3 Qd6 13. exd5 Nxd5 14. 0-0 f6 15. Ne4 Qb6 16. Qxd5 Bxd5 17. Nxf6+ Qxf6 18. Bxf6 Rg8 19. Rfe1 Bd6 20. Bg5 Kf8 21. Ng4 Kg7 22. Nf6 h6 23. Nxd5 hxg5 24. Nxc7 Bxc7 25. Re7+ Kf6 26. Rxc7 Rgd8 27. Rc6+ Kf5 28. a4 Rxd4 29. axb5 axb5 30. Re1 Re8 31. Kf1 Rxe1+ 32. Kxe1 Rb4 33. Rc2 g4 34. Kd2 Ke5 35. Kc3 Rf4 36. Rd2 g5 37. Kb3 Re4 38. Kc2 Rc4+ 39. Kb1 Rc6 40. Rc2 Rh6 41. Rc5+ Kf4 42. Rxb5 Rxh2 43. g3+ Kf3 44. Rf5+ 1-0

[Event "Panagyurishte op 8th"]
[Site "Panagyurishte"]
[Date "2022.05.28"]
[Round "2"]
[White "Foolen, Adrianus Petrus"]
[Black "Marholev, Dimitar"]
[Result "0-1"]
[WhiteElo "1320"]
[BlackElo "2177"]
[PlyCount "82"]
[EventDate "2022.05.28"]
[EventType "swiss"]
[EventRounds "6"]
[EventCountry "BUL"]
[SourceTitle "EXT 2023"]
[Source "ChessBase"]
[SourceDate "2022.10.05"]
[SourceVersion "1"]
[SourceVersionDate "2022.10.05"]
[SourceQuality "1"]

1. e4 e5 2. Nf3 Nc6 3. Bc4 Nf6 4. 0-0 Nxe4 5. Re1 d5 6. d3 dxc4 7. Rxe4 cxd3 8. Nxe5 Nxe5 9. Rxe5+ Be6 10. Qxd3 Qxd3 11. cxd3 0-0-0 12. Be3 Rxd3 13. Nc3 a6 14. Ne4 Rd5 15. Rxd5 Bxd5 16. Nc5 a5 17. a3 b6 18. Rd1 Bc6 19. Nb3 Ba4 20. Rd3 Be7 21. Nd4 Rd8 22. Rd2 Bf6 23. b4 axb4 24. axb4 Kb7 25. Kf1 Rd5 26. Ke2 c5 27. bxc5 bxc5 28. Nc2 Kc6 29. Na3 Bc3 30. Rd3 Bb4 31. Rxd5 Kxd5 32. Nb1 Bc2 33. Nd2 c4 34. Nxc4 Kxc4 35. Kf3 Kd5 36. g3 Bd1+ 37. Kg2 Ke4 38. h4 Bf3+ 39. Kg1 Bd6 40. Bc1 g6 41. Be3 Bxg3 0-1

[Event "Primorsko op"]
[Site "Primorsko"]
[Date "2020.09.21"]
[Round "8"]
[White "Bilych, Olexiy"]
[Black "Marholev, Dimitar"]
[Result "0-1"]
[WhiteElo "2309"]
[BlackElo "2150"]
[PlyCount "82"]
[EventDate "2020.09.14"]
[EventType "swiss"]
[EventRounds "9"]
[EventCountry "BUL"]
[SourceTitle "CBM 198 Extra"]
[Source "ChessBase"]
[SourceDate "2020.11.30"]
[SourceVersion "1"]
[SourceVersionDate "2020.11.30"]
[SourceQuality "1"]

1. d4 Nc6 2. Nf3 d6 3. c4 Nf6 4. Nc3 g6 5. g3 Bg7 6. Bg2 0-0 7. d5 Na5 8. Qd3 c5 9. 0-0 a6 10. Rb1 b5 11. cxb5 axb5 12. b4 cxb4 13. Rxb4 Ba6 14. Nd4 Nd7 15. Nc6 Nxc6 16. dxc6 Nc5 17. Qc2 Qa5 18. a3 e6 19. Rd1 Rad8 20. Bb2 f5 21. Nxb5 Bxb5 22. Bxg7 Ba4 23. Rxa4 Qxa4 24. Qxa4 Nxa4 25. Bxf8 Kxf8 26. Rb1 Rc8 27. Rb7 d5 28. Rxh7 Rxc6 29. Bf3 Rc3 30. g4 Rxa3 31. gxf5 gxf5 32. Rc7 Rc3 33. Ra7 Nc5 34. Kg2 d4 35. h4 d3 36. e3 d2 37. Ra2 Rd3 38. Bd1 Ne4 39. Rb2 Nc3 40. Rb3 e5 41. Kf3 e4+ 0-1

[Event "Plovdiv Tringov Memorial 42nd"]
[Site "Plovdiv"]
[Date "2020.07.14"]
[Round "3"]
[White "Enchev, Ivajlo"]
[Black "Marholev, Dimitar"]
[Result "1-0"]
[WhiteElo "2493"]
[BlackElo "2155"]
[PlyCount "69"]
[EventDate "2020.07.12"]
[EventType "swiss"]
[EventRounds "9"]
[EventCountry "BUL"]
[SourceTitle "EXT 2022"]
[Source "ChessBase"]
[SourceDate "2021.10.06"]
[SourceVersion "1"]
[SourceVersionDate "2021.10.06"]
[SourceQuality "1"]

1. d4 Nf6 2. c4 g6 3. f3 Bg7 4. e4 c5 5. d5 d6 6. Nc3 0-0 7. Nge2 e6 8. Ng3 a6 9. a4 exd5 10. cxd5 h5 11. Be2 Nbd7 12. Bg5 Qb6 13. Qd2 Nh7 14. a5 Qc7 15. Bh6 b5 16. axb6 Qxb6 17. Bxg7 Kxg7 18. Nf1 Rb8 19. Ne3 Ne5 20. f4 Nd7 21. Nc4 Qc7 22. 0-0 Rb4 23. e5 dxe5 24. d6 Qd8 25. Nd5 Rb8 26. fxe5 Bb7 27. Ne7 Nb6 28. e6 Nxc4 29. Bxc4 fxe6 30. Rxf8 Nxf8 31. Qc3+ Kh6 32. Qe3+ Kg7 33. Qe5+ Kh6 34. Rf1 Bd5 35. Ng8+ 1-0

[Event "Primorsko op-A"]
[Site "Primorsko"]
[Date "2019.09.22"]
[Round "8"]
[White "Marholev, Dimitar"]
[Black "Ninov, Dayan"]
[Result "1-0"]
[WhiteElo "2135"]
[BlackElo "2261"]
[PlyCount "52"]
[EventDate "2019.09.15"]
[EventType "swiss"]
[EventRounds "9"]
[EventCountry "BUL"]
[SourceTitle "EXT 2020"]
[Source "ChessBase"]
[SourceDate "2019.10.17"]
[SourceVersion "1"]
[SourceVersionDate "2019.10.17"]
[SourceQuality "1"]

1. e4 c5 2. Nf3 e6 3. d4 cxd4 4. Nxd4 Qb6 5. Nb3 Qc7 6. g3 h5 7. Bg2 h4 8. Bf4 d6 9. Nc3 a6 10. gxh4 Rxh4 11. Bg5 Rh8 12. h4 Nc6 13. Qe2 b5 14. 0-0-0 b4 15. Na4 Nf6 16. e5 Nd7 17. exd6 Bxd6 18. Rxd6 Qxd6 19. Rd1 Qc7 20. Qe4 Ndb8 21. Nd4 Nxd4 22. Qxd4 f6 23. Bxa8 fxg5 24. hxg5 Rf8 25. Nb6 Bd7 26. Be4 Nc6 1-0

[Event "Primorsko op-A"]
[Site "Primorsko"]
[Date "2019.09.18"]
[Round "4"]
[White "Tyurin, Artem"]
[Black "Marholev, Dimitar"]
[Result "1/2-1/2"]
[WhiteElo "2057"]
[BlackElo "2135"]
[PlyCount "74"]
[EventDate "2019.09.15"]
[EventType "swiss"]
[EventRounds "9"]
[EventCountry "BUL"]
[SourceTitle "EXT 2020"]
[Source "ChessBase"]
[SourceDate "2019.10.17"]
[SourceVersion "1"]
[SourceVersionDate "2019.10.17"]
[SourceQuality "1"]

1. d4 Nc6 2. c4 e5 3. d5 Nce7 4. Nc3 Nf6 5. g3 Ng6 6. Bg2 Bb4 7. Qc2 0-0 8. a3 Bxc3+ 9. Qxc3 d6 10. h4 h6 11. e4 Ne8 12. Ne2 f5 13. exf5 Bxf5 14. h5 Nh8 15. f3 Nf7 16. Be3 c6 17. dxc6 bxc6 18. 0-0-0 d5 19. Bc5 d4 20. Nxd4 exd4 21. Bxd4 Qc7 22. f4 Rd8 23. c5 Rxd4 24. Rxd4 Nf6 25. Rhd1 Re8 26. Bf3 Qc8 27. Qb3 Be6 28. Qa4 Bd5 29. Bxd5 Nxd5 30. Kb1 Qf5+ 31. R4d3 Qe6 32. Ka1 Rb8 33. R1d2 Qe1+ 34. Rd1 Qe2 35. R1d2 Qe1+ 36. Rd1 Qe2 37. R1d2 Qe1+ 1/2-1/2

[Event "BUL-ch 82nd"]
[Site "Kozloduy"]
[Date "2018.03.11"]
[Round "9"]
[White "Marholev, Dimitar"]
[Black "Spasov, Vasil"]
[Result "0-1"]
[WhiteElo "2145"]
[BlackElo "2499"]
[PlyCount "86"]
[EventDate "2018.03.03"]
[EventType "tourn"]
[EventRounds "9"]
[EventCountry "BUL"]
[EventCategory "6"]
[SourceTitle "CBM 183 Extra"]
[Source "ChessBase"]
[SourceDate "2018.04.19"]
[SourceVersion "1"]
[SourceVersionDate "2018.04.19"]
[SourceQuality "1"]

1. e4 c5 2. Nc3 Nc6 3. f4 g6 4. Nf3 Bg7 5. Bb5 Nd4 6. 0-0 e6 7. e5 a6 8. Bd3 f5 9. exf6 Nxf6 10. Nxd4 cxd4 11. Ne2 0-0 12. c3 b5 13. Nxd4 Qb6 14. Kh1 Bb7 15. Bc2 Nh5 16. d3 Bxd4 17. cxd4 Qxd4 18. Qe2 Nxf4 19. Bxf4 Rxf4 20. Rxf4 Qxf4 21. Rf1 Qd4 22. Qf2 Qxf2 23. Rxf2 Bd5 24. a3 Rb8 25. Kg1 b4 26. axb4 Rxb4 27. Bd1 Kg7 28. g3 a5 29. h4 a4 30. Rd2 e5 31. Kf2 Be6 32. Ke3 Bg4 33. Bxg4 Rxg4 34. Kf3 h5 35. Rc2 Kf6 36. Rc7 Rd4 37. Ke3 Kf5 38. Rc8 Kg4 39. Re8 d6 40. Re6 Kxg3 41. Rxg6+ Kxh4 42. Ke2 Kh3 43. Ke3 h4 0-1

[Event "BUL-ch 82nd"]
[Site "Kozloduy"]
[Date "2018.03.05"]
[Round "3"]
[White "Petrov, Martin"]
[Black "Marholev, Dimitar"]
[Result "1-0"]
[WhiteElo "2439"]
[BlackElo "2145"]
[PlyCount "79"]
[EventDate "2018.03.03"]
[EventType "tourn"]
[EventRounds "9"]
[EventCountry "BUL"]
[EventCategory "6"]
[SourceTitle "CBM 183 Extra"]
[Source "ChessBase"]
[SourceDate "2018.04.19"]
[SourceVersion "1"]
[SourceVersionDate "2018.04.19"]
[SourceQuality "1"]

1. e4 e5 2. Nf3 Nc6 3. Bc4 Nf6 4. d3 h6 5. 0-0 d6 6. c3 Be7 7. a4 0-0 8. Re1 Be6 9. Nbd2 Re8 10. a5 Bf8 11. a6 b6 12. Bb5 Bd7 13. Nf1 Ne7 14. Bxd7 Nxd7 15. d4 exd4 16. Nxd4 g6 17. Ne3 Nf6 18. Ng4 Nxg4 19. Qxg4 d5 20. Bf4 dxe4 21. Nb5 Nd5 22. Rad1 c6 23. Nc7 Qc8 24. Qxc8 Rexc8 25. Nxd5 cxd5 26. Rxd5 Rc4 27. Ra1 g5 28. Be3 Bc5 29. Rd7 Bxe3 30. fxe3 Rc5 31. g4 Rb5 32. b4 f5 33. gxf5 Rxf5 34. Rf1 Rf3 35. Rxf3 exf3 36. h3 h5 37. Kf2 g4 38. hxg4 hxg4 39. Rd4 Kf7 40. Rxg4 1-0

[Event "Plovdiv Radulski Memorial 3rd"]
[Site "Plovdiv"]
[Date "2017.10.29"]
[Round "6"]
[White "Radeva, Viktoria"]
[Black "Marholev, Dimitar"]
[Result "1/2-1/2"]
[WhiteElo "2001"]
[BlackElo "2272"]
[PlyCount "84"]
[EventDate "2017.10.29"]
[EventType "swiss (rapid)"]
[EventRounds "9"]
[EventCountry "BUL"]
[SourceTitle "CBM 181 Extra"]
[Source "ChessBase"]
[SourceDate "2017.12.12"]
[SourceVersion "1"]
[SourceVersionDate "2017.12.12"]
[SourceQuality "1"]

1. e4 e5 2. Nf3 Nc6 3. d4 d6 4. Bc4 exd4 5. Nxd4 Nf6 6. Nc3 Be7 7. 0-0 0-0 8. Bf4 Ne5 9. Be2 Ng6 10. Be3 d5 11. exd5 Nxd5 12. Nxd5 Qxd5 13. Bf3 Qc4 14. b3 Qa6 15. Be2 Qf6 16. c4 c6 17. Qc2 Nf4 18. Bf3 Bd6 19. Rad1 Bc7 20. Be4 g6 21. Nf3 Bg4 22. Bd4 Qe7 23. Rfe1 Ne6 24. Bb2 Ba5 25. Re3 Rad8 26. Red3 Rxd3 27. Bxd3 Bxf3 28. gxf3 Qg5+ 29. Kh1 Qh5 30. Be2 Nf4 31. Rg1 Re8 32. Bd1 Qh3 33. Qc1 Nd3 34. Qc2 Ne1 35. Qc1 Nxf3 36. Qf4 Nxg1 37. Qf6 Kf8 38. Ba3+ Kg8 39. Bb2 Kf8 40. Ba3+ Kg8 41. Bb2 Kf8 42. Qf4 Kg8 1/2-1/2

[Event "Primorsko op"]
[Site "Primorsko"]
[Date "2017.09.22"]
[Round "7"]
[White "Marholev, Dimitar"]
[Black "Nikolov, Sasho"]
[Result "1/2-1/2"]
[WhiteElo "2173"]
[BlackElo "2323"]
[PlyCount "33"]
[EventDate "2017.09.17"]
[EventType "swiss"]
[EventRounds "9"]
[EventCountry "BUL"]
[SourceTitle "CBM 180 Extra"]
[Source "ChessBase"]
[SourceDate "2017.10.06"]
[SourceVersion "1"]
[SourceVersionDate "2017.10.06"]
[SourceQuality "1"]

1. d4 Nf6 2. Nf3 e6 3. g3 b6 4. Bg2 Bb7 5. 0-0 Be7 6. c4 0-0 7. d5 exd5 8. Nh4 c6 9. cxd5 Nxd5 10. Nf5 Bf6 11. e4 Nc7 12. Nc3 d5 13. exd5 Nxd5 14. Nxd5 cxd5 15. Ne3 Na6 16. Nxd5 Nc5 17. Nxf6+ 1/2-1/2

[Event "Primorsko op"]
[Site "Primorsko"]
[Date "2017.09.20"]
[Round "5"]
[White "Enchev, Ivajlo"]
[Black "Marholev, Dimitar"]
[Result "1-0"]
[WhiteElo "2493"]
[BlackElo "2173"]
[PlyCount "39"]
[EventDate "2017.09.17"]
[EventType "swiss"]
[EventRounds "9"]
[EventCountry "BUL"]
[SourceTitle "CBM 180 Extra"]
[Source "ChessBase"]
[SourceDate "2017.10.06"]
[SourceVersion "1"]
[SourceVersionDate "2017.10.06"]
[SourceQuality "1"]

1. d4 Nc6 2. Nf3 d6 3. c4 e5 4. Nc3 Nf6 5. d5 Ne7 6. e4 Bg4 7. h3 Bxf3 8. Qxf3 Nd7 9. Be3 g6 10. g4 Ng8 11. h4 Be7 12. g5 h6 13. Bh3 Nc5 14. Ke2 hxg5 15. hxg5 Rh5 16. b4 Bxg5 17. bxc5 Bxe3 18. fxe3 dxc5 19. Raf1 Nh6 20. Be6 1-0

[Event "Paracin Summer op-A 10th"]
[Site "Paracin"]
[Date "2017.07.14"]
[Round "9.35"]
[White "Marholev, Dimitar"]
[Black "Banzea, Alexandru Bogdan"]
[Result "0-1"]
[WhiteElo "2177"]
[BlackElo "2300"]
[PlyCount "26"]
[EventDate "2017.07.07"]
[EventType "swiss"]
[EventRounds "9"]
[EventCountry "SRB"]
[SourceTitle "EXT 2018"]
[Source "ChessBase"]
[SourceDate "2017.10.13"]
[SourceVersion "1"]
[SourceVersionDate "2017.10.13"]
[SourceQuality "1"]

1. d4 Nf6 2. c4 e6 3. Nc3 d5 4. Nf3 a6 5. cxd5 exd5 6. Bg5 Be6 7. e3 Nbd7 8. Bd3 Bd6 9. Qc2 c6 10. 0-0-0 h6 11. Bh4 Qa5 12. Bg3 Bb4 13. a3 Be7 0-1

[Event "Paracin Summer op-A 10th"]
[Site "Paracin"]
[Date "2017.07.08"]
[Round "3.38"]
[White "Rajkovic, Mladen"]
[Black "Marholev, Dimitar"]
[Result "1-0"]
[WhiteElo "2305"]
[BlackElo "2177"]
[PlyCount "85"]
[EventDate "2017.07.07"]
[EventType "swiss"]
[EventRounds "9"]
[EventCountry "SRB"]
[SourceTitle "EXT 2018"]
[Source "ChessBase"]
[SourceDate "2017.10.13"]
[SourceVersion "1"]
[SourceVersionDate "2017.10.13"]
[SourceQuality "1"]

1. e4 e5 2. Nf3 Nc6 3. Bb5 Nge7 4. c3 a6 5. Ba4 g6 6. d4 exd4 7. cxd4 b5 8. Bc2 d5 9. exd5 Nb4 10. Bb3 Nbxd5 11. 0-0 Bg7 12. Bg5 Qd6 13. Nbd2 Bf5 14. Re1 0-0 15. Rc1 h6 16. Bh4 Nc6 17. Bg3 Qd7 18. Bxd5 Qxd5 19. Rc5 Qd7 20. d5 Nb4 21. Ne4 c6 22. d6 Rfe8 23. Be5 Bxe4 24. Rxe4 Nd5 25. Re1 f6 26. Bg3 Rxe1+ 27. Nxe1 Re8 28. Nd3 f5 29. Rc1 Qf7 30. Qd2 g5 31. f4 Bd4+ 32. Bf2 Bxf2+ 33. Qxf2 Qd7 34. fxg5 hxg5 35. Qg3 Qg7 36. d7 Rd8 37. Rxc6 Rxd7 38. Rc8+ Kh7 39. Qh3+ Kg6 40. Rc6+ Kf7 41. Qxf5+ Ke7 42. Qe6+ Kd8 43. Ne5 1-0

[Event "Nis op"]
[Site "Nis"]
[Date "2017.07.02"]
[Round "6"]
[White "Marholev, Dimitar"]
[Black "Dimitrov, Vladimir"]
[Result "1/2-1/2"]
[WhiteElo "2182"]
[BlackElo "2368"]
[PlyCount "29"]
[EventDate "2017.06.27"]
[EventType "swiss"]
[EventRounds "9"]
[EventCountry "YUG"]
[SourceTitle "CBM 179 Extra"]
[Source "ChessBase"]
[SourceDate "2017.08.23"]
[SourceVersion "1"]
[SourceVersionDate "2017.08.23"]
[SourceQuality "1"]

1. Nf3 Nf6 2. g3 g6 3. b3 Bg7 4. Bb2 0-0 5. Bg2 d6 6. d4 Nbd7 7. 0-0 e5 8. dxe5 Ng4 9. c4 dxe5 10. Nc3 Re8 11. e4 Nh6 12. Qc2 c6 13. Rad1 Qe7 14. Rfe1 f6 15. h3 1/2-1/2

[Event "BUL-ch 81st"]
[Site "Montana"]
[Date "2017.04.22"]
[Round "1.2"]
[White "Marholev, Dimitar"]
[Black "Enchev, Ivajlo"]
[Result "1-0"]
[WhiteElo "2224"]
[BlackElo "2482"]
[PlyCount "133"]
[EventDate "2017.04.21"]
[EventType "k.o."]
[EventRounds "9"]
[EventCountry "BUL"]
[SourceTitle "CBM 178 Extra"]
[Source "ChessBase"]
[SourceDate "2017.06.22"]
[SourceVersion "1"]
[SourceVersionDate "2017.06.22"]
[SourceQuality "1"]

1. e4 c6 2. d4 d5 3. Nd2 g6 4. h3 Bg7 5. Ngf3 Nf6 6. e5 Ne4 7. Bd3 Nxd2 8. Bxd2 c5 9. c3 Nc6 10. 0-0 Qb6 11. dxc5 Qxc5 12. Re1 0-0 13. Qa4 f6 14. exf6 exf6 15. Be3 Qd6 16. Rad1 Be6 17. Nd4 Bf7 18. Nxc6 bxc6 19. b4 Rfe8 20. Ba6 Qc7 21. Qa5 Qxa5 22. bxa5 f5 23. Bb7 Bxc3 24. Bxa8 Rxa8 25. Bd2 Bf6 26. Rc1 Rc8 27. Bb4 d4 28. Bc5 Bxa2 29. Red1 Bg5 30. Ra1 Bb3 31. Rxd4 Bf6 32. Rb4 Bxa1 33. Rxb3 Rd8 34. Bxa7 Rd1+ 35. Kh2 Be5+ 36. g3 Ra1 37. Bb6 Ra2 38. Re3 Bd6 39. Re6 Bb4 40. Rxc6 Bxa5 41. Rc8+ Kf7 42. Ra8 Bxb6 43. Rxa2 h5 44. Kg2 Bd4 45. Ra4 Bc5 46. Rc4 Bb6 47. Kf3 Kg7 48. Rc2 Bd4 49. Kf4 Bf6 50. Rc6 Kf7 51. Ra6 Kg7 52. Ra7+ Kg8 53. Rd7 Kf8 54. Ke3 Ke8 55. Rb7 Kf8 56. Kd3 Kg8 57. Kc4 Kf8 58. Kd5 Kg8 59. Rd7 Bb2 60. Ke6 Bc3 61. Rd3 Bb2 62. f4 Kg7 63. Rd7+ Kg8 64. Rd2 Bc1 65. Rc2 Be3 66. Kf6 Kh7 67. Kg5 1-0

[Event "Backi Petrovac Cani Memorial"]
[Site "Backi Petrovac"]
[Date "2017.03.24"]
[Round "8"]
[White "Damia, Angelo"]
[Black "Marholev, Dimitar"]
[Result "1-0"]
[WhiteElo "2329"]
[BlackElo "2199"]
[PlyCount "63"]
[EventDate "2017.03.20"]
[EventType "swiss"]
[EventRounds "9"]
[EventCountry "SRB"]
[SourceTitle "CBM 177 Extra"]
[Source "ChessBase"]
[SourceDate "2017.04.27"]
[SourceVersion "1"]
[SourceVersionDate "2017.04.27"]
[SourceQuality "1"]

1. e4 c6 2. d4 d5 3. exd5 cxd5 4. Bd3 Nc6 5. c3 Nf6 6. Ne2 e6 7. Bf4 Bd6 8. Bxd6 Qxd6 9. Nd2 0-0 10. Nf3 Rb8 11. Ng3 e5 12. dxe5 Nxe5 13. Nxe5 Qxe5+ 14. Qe2 Qxe2+ 15. Bxe2 Be6 16. Rd1 b5 17. Rd4 Rfc8 18. Rb4 g6 19. 0-0 a6 20. Rd1 Ne4 21. Nxe4 dxe4 22. a3 f5 23. Rd6 Bc4 24. Bxc4+ bxc4 25. Rxa6 Rxb4 26. axb4 Rd8 27. g3 Rd2 28. Rc6 Rxb2 29. Rxc4 Kf7 30. Rc7+ Kf6 31. Rxh7 g5 32. Rc7 1-0